| 000 | 01487nam a2200277 4500 | ||
|---|---|---|---|
| 001 | 113305 | ||
| 003 | DR-UNIBE | ||
| 005 | 20250313100735.0 | ||
| 008 | 250307b2013 xxu||||| |||| 00| 0 eng d | ||
| 020 | _a9780985550820 | ||
| 040 |
_aBIBLIOTECA UNIBE _cBIBLIOTECA UNIBE _erda _bspa |
||
| 041 | _heng | ||
| 082 |
_222 _a302.231 P173d |
||
| 100 | 1 | 0 |
_aPalmer, Shelly, _d1956- _9192734 _eautor |
| 245 | 1 | 0 |
_aDigital wisdom : thought leadership for a connected world / _cShelly Palmer |
| 250 | _aPrimera edicion | ||
| 260 |
_aNew York : _bYork House Press, _c2013 |
||
| 300 |
_axvii, 133 páginas : _bilustraciones b/n ; _c22 x 15 cm |
||
| 500 | _aComentarios sobre la obra al inico y contraportada | ||
| 505 | _aAcknowledgments | About the Author | Why Aspiring Digital Leaders Should Read this Book | Introduction | Connected no Connected | The World is Changing Faster than You Think | Traditional and New Media | Understanding Social Media | Customer Services in a Connected World | Truthiness, Wikiality, Truth, Facts | What Does it Mean to Own Something in the 21-st Century ?| Cyber-Security and Cyber-Warfare | Digital Leaders and a 21st-Centurt Workforce | Science, Technology, Engineering and Math Really Matter | Conclusion | ||
| 650 | 7 | 0 |
_acomunicacion digital _935628 |
| 650 | 7 | 0 |
_2lemb _aRealidad virtual _943209 |
| 700 |
_aPruitt, Annelise _9192735 _ediseñador de cubierta |
||
| 700 |
_aLawlor, Lisa _9192736 _ediseñador del libro |
||
| 942 |
_2ddc _cBK |
||
| 999 |
_c113305 _d113305 |
||